<?xml version="1.0" encoding="UTF-8"?>
<collection xmlns="http://www.loc.gov/MARC21/slim">
 <record>
  <leader>01063nam a2200301 a 4500</leader>
  <controlfield tag="001">28531</controlfield>
  <controlfield tag="003">BD-DhAAL</controlfield>
  <controlfield tag="005">20141108095202.0</controlfield>
  <controlfield tag="008">141108s1998    ii            000 1 eng  </controlfield>
  <datafield tag="020" ind1=" " ind2=" ">
   <subfield code="a">0571222145</subfield>
  </datafield>
  <datafield tag="040" ind1=" " ind2=" ">
   <subfield code="a">DLC</subfield>
   <subfield code="c">DLC</subfield>
   <subfield code="d">DLC</subfield>
   <subfield code="d">OCoLC</subfield>
   <subfield code="d">DLC</subfield>
   <subfield code="d">BD-DhAAL</subfield>
  </datafield>
  <datafield tag="041" ind1=" " ind2=" ">
   <subfield code="a">eng</subfield>
  </datafield>
  <datafield tag="050" ind1="0" ind2="0">
   <subfield code="a">PR6061.U68</subfield>
   <subfield code="b">I58 1999</subfield>
  </datafield>
  <datafield tag="082" ind1="0" ind2="0">
   <subfield code="a">823/.914</subfield>
   <subfield code="2">21</subfield>
  </datafield>
  <datafield tag="100" ind1="1" ind2=" ">
   <subfield code="a">Kureishi, Hanif.</subfield>
   <subfield code="9">5962</subfield>
  </datafield>
  <datafield tag="245" ind1="1" ind2="0">
   <subfield code="a">Intimacy /</subfield>
   <subfield code="c">Hanif Kureishi.</subfield>
  </datafield>
  <datafield tag="260" ind1=" " ind2=" ">
   <subfield code="a">India :</subfield>
   <subfield code="b">Penguin Books,</subfield>
   <subfield code="c">c1998.</subfield>
  </datafield>
  <datafield tag="300" ind1=" " ind2=" ">
   <subfield code="a">155 p. ;</subfield>
   <subfield code="c">20 cm.</subfield>
  </datafield>
  <datafield tag="541" ind1=" " ind2=" ">
   <subfield code="e">28531</subfield>
  </datafield>
  <datafield tag="650" ind1=" " ind2="0">
   <subfield code="a">Man-woman relationships</subfield>
   <subfield code="v">Fiction.</subfield>
   <subfield code="9">5963</subfield>
  </datafield>
  <datafield tag="650" ind1=" " ind2="0">
   <subfield code="a">Separation (Psychology)</subfield>
   <subfield code="v">Fiction.</subfield>
   <subfield code="9">5964</subfield>
  </datafield>
  <datafield tag="650" ind1=" " ind2="0">
   <subfield code="a">Midlife crisis</subfield>
   <subfield code="v">Fiction.</subfield>
   <subfield code="9">5965</subfield>
  </datafield>
  <datafield tag="650" ind1=" " ind2="0">
   <subfield code="a">Men</subfield>
   <subfield code="v">Fiction.</subfield>
   <subfield code="9">5966</subfield>
  </datafield>
  <datafield tag="651" ind1=" " ind2="0">
   <subfield code="a">England</subfield>
   <subfield code="v">Fiction.</subfield>
   <subfield code="9">5633</subfield>
  </datafield>
  <datafield tag="655" ind1=" " ind2="7">
   <subfield code="a">Psychological fiction.</subfield>
   <subfield code="2">lcsh</subfield>
   <subfield code="9">5686</subfield>
  </datafield>
  <datafield tag="942" ind1=" " ind2=" ">
   <subfield code="2">ddc</subfield>
   <subfield code="c">BK</subfield>
  </datafield>
  <datafield tag="999" ind1=" " ind2=" ">
   <subfield code="c">33019</subfield>
   <subfield code="d">33019</subfield>
  </datafield>
  <datafield tag="952" ind1=" " ind2=" ">
   <subfield code="0">0</subfield>
   <subfield code="1">4</subfield>
   <subfield code="2">ddc</subfield>
   <subfield code="4">0</subfield>
   <subfield code="6">823_914000000000000_KUR</subfield>
   <subfield code="7">0</subfield>
   <subfield code="9">44000</subfield>
   <subfield code="a">BRACUL</subfield>
   <subfield code="b">BRACUL</subfield>
   <subfield code="c">GEN</subfield>
   <subfield code="d">2014-11-08</subfield>
   <subfield code="e">Paragon Enterprises Ltd.</subfield>
   <subfield code="g">370.00</subfield>
   <subfield code="l">3</subfield>
   <subfield code="m">5</subfield>
   <subfield code="o">823.914 KUR</subfield>
   <subfield code="p">3010028531</subfield>
   <subfield code="r">2016-06-15</subfield>
   <subfield code="s">2016-06-01</subfield>
   <subfield code="t">1</subfield>
   <subfield code="w">2014-11-08</subfield>
   <subfield code="y">BK</subfield>
   <subfield code="x">Koha Inventory 2020</subfield>
  </datafield>
 </record>
</collection>
